| 000 | 01268cam a22003255i 4500 | ||
|---|---|---|---|
| 999 |
_c27897 _d27868 |
||
| 001 | 018645940 | ||
| 003 | EG-ScBUE | ||
| 005 | 20191127122123.0 | ||
| 008 | 171009t20182018stka f b 000 0 eng d | ||
| 020 | _a9781474429214 (pbk.) | ||
| 040 |
_aStDuBDS _beng _erda _cStDuBDS _dEG-ScBUE |
||
| 082 | 0 | 4 |
_a417.7 _bBLU _222 |
| 100 | 1 |
_aBlust, R. A., _eauthor. |
|
| 245 | 1 | 0 |
_a101 problems and solutions in historical linguistics : _ba workbook / _cRobert Blust. |
| 246 | 3 | _aOne hundred and one problems and solutions in historical linguistics | |
| 246 | 3 | _aHundred and one problems and solutions in historical linguistics | |
| 264 | 1 |
_aEdinburgh : _bEdinburgh University Press, _c[2018] |
|
| 264 | 4 | _cc2018 | |
| 300 |
_axiv, 492 pages : _billustrations ; _c25 cm |
||
| 336 |
_atext _btxt _2rdacontent |
||
| 337 |
_aunmediated _bn _2rdamedia |
||
| 338 |
_avolume _bnc _2rdacarrier |
||
| 504 | _aIncludes bibliographical references. | ||
| 520 | _aA vibrant collection of writings about America from its earliest Arab immigrants. | ||
| 650 | 7 |
_aHistorical linguistics _vProblems, exercises, etc. _2BUEsh |
|
| 650 | 7 |
_aLinguistic analysis (Linguistics) _vProblems, exercises, etc. _2BUEsh |
|
| 653 |
_bHHUUEENN _cNovember2019 |
||
| 655 | _vReading book | ||
| 942 |
_2ddc _cBB |
||